000 00634cam a22002293a 4500
001 22132
003 PGUSA
005 20140828083454.0
008 070724s2007||||xxu|||||s|||||000 1 eng d
040 _aPGUSA
_beng
042 _adc
050 4 _aPS
100 1 _aMeek, S. P.
_q(Sterner St. Paul),
_d1894-1972
245 1 0 _aGiants on the Earth
_h[electronic resource] /
_cS. P. Meek
260 _bProject Gutenberg,
_c2007
506 _aPublic domain in the USA.
516 _aElectronic text
653 _aScience fiction
830 0 _aProject Gutenberg
_v22132
856 4 0 _uhttp://www.gutenberg.org/ebooks/22132
942 _cEB
999 _c251387
_d251387